[Event "SB-2022-0-00633"]
[Site "LSS email"]
[Date "2022.04.04"]
[Round "?"]
[White "Krabbenbos, Jan"]
[Black "Do Amaral, Rogerio"]
[Result "1/2-1/2"]
[WhiteElo "1930"]
[BlackElo "1908"]
[PlyCount "51"]
[EventDate "2022.01.15"]
[EventType "tourn (corr)"]
[EventRounds "6"]
[EventCountry "GER"]
[SourceTitle "Corr 2024"]
[Source "ChessBase"]
[SourceDate "2023.10.19"]
[SourceVersion "1"]
[SourceVersionDate "2023.10.19"]
[SourceQuality "1"]

1. e4 c6 2. d4 d5 3. Nc3 dxe4 4. Nxe4 Nd7 5. Nf3 Ngf6 6. Ng3 e6 7. Bd3 Be7 8. 0-0 0-0 9. Qe2 c5 10. Rd1 Qc7 11. c4 Re8 12. b3 b6 13. Bb2 cxd4 14. Nxd4 a6 15. Be4 Nxe4 16. Qxe4 Nf6 17. Qc6 Qb7 18. Rd2 Bb4 19. Rd3 Bf8 20. Rad1 Rd8 21. h3 Rd7 22. Qf3 Qxf3 23. Nxf3 Rxd3 24. Rxd3 Nd7 25. Be5 Nc5 26. Rd2 1/2-1/2

[Event "SB-2021-0-00620"]
[Site "LSS email"]
[Date "2021.08.08"]
[Round "?"]
[White "Sandocal, Uezmir"]
[Black "Krabbenbos, Jan"]
[Result "1-0"]
[WhiteElo "1873"]
[BlackElo "1973"]
[PlyCount "55"]
[EventDate "2021.07.07"]
[EventType "tourn (corr)"]
[EventRounds "6"]
[EventCountry "GER"]
[SourceTitle "Corr 2024"]
[Source "ChessBase"]
[SourceDate "2023.10.19"]
[SourceVersion "1"]
[SourceVersionDate "2023.10.19"]
[SourceQuality "1"]

1. e4 c6 2. Nc3 d5 3. d4 dxe4 4. Nxe4 Nd7 5. c3 Ngf6 6. Nxf6+ Nxf6 7. Nf3 Bg4 8. h3 Bh5 9. g4 Bg6 10. Ne5 Be4 11. f3 Bd5 12. Bf4 Nd7 13. c4 Be6 14. d5 Nxe5 15. dxe6 Qd4 16. Qxd4 Nxf3+ 17. Kf2 Nxd4 18. exf7+ Kxf7 19. Be5 Ne6 20. Bd3 Nc5 21. Bc2 Nd7 22. Bc3 e5 23. Kg2 Bd6 24. Rad1 Ke7 25. Rhe1 Rad8 26. Re2 h5 27. g5 Rdf8 28. Red2 1-0

[Event "SB-2021-0-00608"]
[Site "LSS email"]
[Date "2021.01.25"]
[Round "?"]
[White "Cruz Ramirez, Eliecer"]
[Black "Krabbenbos, Jan"]
[Result "1/2-1/2"]
[WhiteElo "1811"]
[BlackElo "1978"]
[PlyCount "49"]
[EventDate "2020.11.28"]
[EventType "tourn (corr)"]
[EventRounds "6"]
[EventCountry "GER"]
[SourceTitle "Corr 2024"]
[Source "ChessBase"]
[SourceDate "2023.10.19"]
[SourceVersion "1"]
[SourceVersionDate "2023.10.19"]
[SourceQuality "1"]

1. d4 Nf6 2. c4 g6 3. Nc3 Bg7 4. e4 d6 5. Nf3 0-0 6. Be2 e5 7. 0-0 exd4 8. Nxd4 Nc6 9. Be3 Re8 10. f3 Nh5 11. Nxc6 bxc6 12. Qd2 c5 13. Rad1 Bb7 14. Nd5 a5 15. b3 a4 16. b4 c6 17. Nf4 Nxf4 18. Bxf4 Qb6 19. bxc5 Qxc5+ 20. Be3 Qa3 21. Rc1 f5 22. Bd3 Bc8 23. Bf2 Rb8 24. Rc2 Rb2 25. Rxb2 1/2-1/2

[Event "SB-2021-0-00608"]
[Site "LSS email"]
[Date "2021.01.22"]
[Round "?"]
[White "Krabbenbos, Jan"]
[Black "Kraujunas, Vladas"]
[Result "1/2-1/2"]
[WhiteElo "1978"]
[BlackElo "1841"]
[PlyCount "71"]
[EventDate "2020.11.28"]
[EventType "tourn (corr)"]
[EventRounds "6"]
[EventCountry "GER"]
[SourceTitle "Corr 2024"]
[Source "ChessBase"]
[SourceDate "2023.10.19"]
[SourceVersion "1"]
[SourceVersionDate "2023.10.19"]
[SourceQuality "1"]

1. e4 e5 2. Nf3 Nc6 3. Bb5 a6 4. Ba4 Nf6 5. 0-0 Be7 6. Re1 b5 7. Bb3 0-0 8. c3 d6 9. h3 Na5 10. Bc2 c5 11. d4 Qc7 12. d5 Bd7 13. b3 Nb7 14. c4 Rfe8 15. Nc3 h6 16. Be3 Qd8 17. Ne2 Nh7 18. Ng3 Ng5 19. Nh2 Nh7 20. Bd2 Rb8 21. Qe2 Bg5 22. Bc3 g6 23. Nf3 Bf4 24. Nf1 Ng5 25. Qd3 Rf8 26. Ng3 Nxf3+ 27. Qxf3 b4 28. Bb2 h5 29. Ne2 Bh6 30. Ng3 h4 31. Nf1 a5 32. a4 Kg7 33. Rad1 Rh8 34. Nh2 Qg5 35. Kh1 Qf6 36. Qe2 1/2-1/2

[Event "SB-2019-0-00565"]
[Site "LSS email"]
[Date "2019.02.15"]
[Round "?"]
[White "Sorcinelli, Andrea"]
[Black "Krabbenbos, Jan"]
[Result "1/2-1/2"]
[WhiteElo "1975"]
[BlackElo "1951"]
[PlyCount "53"]
[EventDate "2019.01.20"]
[EventType "tourn (corr)"]
[EventRounds "6"]
[EventCountry "GER"]
[SourceTitle "Corr 2022"]
[Source "ChessBase"]
[SourceDate "2021.10.24"]
[SourceVersion "1"]
[SourceVersionDate "2021.10.24"]
[SourceQuality "1"]

1. e4 c6 2. Nf3 d5 3. Nc3 Nf6 4. e5 Ne4 5. d4 Nxc3 6. bxc3 c5 7. dxc5 e6 8. Rb1 Bxc5 9. Bd3 Nc6 10. 0-0 h6 11. Re1 0-0 12. Nd4 f5 13. Be3 Qe7 14. f4 Bb6 15. Kh1 Nxd4 16. cxd4 Bd7 17. g4 Rac8 18. Rg1 Be8 19. gxf5 exf5 20. Rg3 Kh7 21. Qg1 Bd7 22. Bd2 Rg8 23. Bb4 Qf7 24. Qf2 g6 25. Rh3 Bd8 26. Qd2 a6 27. a3 1/2-1/2

[Event "SB-2018-0-00557"]
[Site "LSS email"]
[Date "2018.12.13"]
[Round "?"]
[White "Krabbenbos, Jan"]
[Black "Sundqvist, Christer"]
[Result "1/2-1/2"]
[WhiteElo "1956"]
[BlackElo "1946"]
[PlyCount "56"]
[EventDate "2018.11.16"]
[EventType "tourn (corr)"]
[EventRounds "6"]
[EventCountry "GER"]
[SourceTitle "Corr 2022"]
[Source "ChessBase"]
[SourceDate "2021.10.24"]
[SourceVersion "1"]
[SourceVersionDate "2021.10.24"]
[SourceQuality "1"]

1. e4 c5 2. Nf3 d6 3. d4 cxd4 4. Nxd4 Nf6 5. Nc3 g6 6. f3 Nc6 7. Be3 Bg7 8. Qd2 0-0 9. g4 Be6 10. Nxe6 fxe6 11. 0-0-0 Ne5 12. Be2 Qc8 13. h4 Nfd7 14. h5 Nc4 15. Bxc4 Qxc4 16. hxg6 hxg6 17. f4 Bxc3 18. bxc3 Qxa2 19. Qh2 Kf7 20. Qh7+ Ke8 21. e5 dxe5 22. Qxg6+ Kd8 23. Qe4 Qa1+ 24. Kd2 Qa5 25. fxe5 Rc8 26. Qd3 Rc6 27. Kc1 Qa1+ 28. Kd2 Qa5 1/2-1/2

[Event "SB-2018-0-00557"]
[Site "LSS email"]
[Date "2018.12.13"]
[Round "?"]
[White "Stancl, Vladimir"]
[Black "Krabbenbos, Jan"]
[Result "1-0"]
[WhiteElo "2078"]
[BlackElo "1956"]
[PlyCount "73"]
[EventDate "2018.11.16"]
[EventType "tourn (corr)"]
[EventRounds "6"]
[EventCountry "GER"]
[SourceTitle "Corr 2022"]
[Source "ChessBase"]
[SourceDate "2021.10.24"]
[SourceVersion "1"]
[SourceVersionDate "2021.10.24"]
[SourceQuality "1"]

1. d4 Nf6 2. c4 g6 3. Nc3 Bg7 4. e4 d6 5. h3 0-0 6. Nf3 e5 7. d5 Na6 8. Bd3 Nh5 9. 0-0 Nf4 10. Bc2 Nb4 11. Bb1 c6 12. a3 Na6 13. Bc2 cxd5 14. cxd5 Bd7 15. Be3 Rc8 16. Rc1 Nc7 17. Re1 Nb5 18. Nxb5 Bxb5 19. a4 Bd7 20. Kh2 a6 21. Qd2 Qf6 22. g3 Nd3 23. Bxd3 Qxf3 24. b3 Qf6 25. Bf1 Qe7 26. Qb4 b5 27. Rxc8 Rxc8 28. Qa5 bxa4 29. bxa4 Qf8 30. Bxa6 Ra8 31. Qc7 Bxa4 32. Bb7 Rd8 33. Rb1 Bf6 34. Rb4 Bd7 35. Bc6 Bxc6 36. dxc6 Kg7 37. Rb7 1-0

[Event "CP-2018-P-00002"]
[Site "LSS email"]
[Date "2018.09.27"]
[Round "?"]
[White "Krabbenbos, Jan"]
[Black "Kurowski, Andrzej"]
[Result "1/2-1/2"]
[WhiteElo "1953"]
[BlackElo "2191"]
[PlyCount "50"]
[EventDate "2018.10.01"]
[EventType "tourn (corr)"]
[EventRounds "6"]
[EventCountry "GER"]
[SourceTitle "Corr 2022"]
[Source "ChessBase"]
[SourceDate "2021.10.24"]
[SourceVersion "1"]
[SourceVersionDate "2021.10.24"]
[SourceQuality "1"]

1. e4 e6 2. d4 d5 3. Nc3 Nf6 4. e5 Nfd7 5. f4 c5 6. Nf3 Nc6 7. Be3 a6 8. Qd2 b5 9. a3 Qa5 10. Be2 b4 11. Nd1 Rb8 12. c3 bxc3 13. Nxc3 cxd4 14. Nxd4 Nxd4 15. Bxd4 Bc5 16. Rb1 Bxd4 17. Qxd4 Qb6 18. Qxb6 Nxb6 19. b3 Nd7 20. b4 Bb7 21. Bd3 g5 22. g3 h5 23. Kd2 h4 24. Ne2 d4 25. Rhc1 hxg3 1/2-1/2

[Event "CP-2018-P-00002"]
[Site "LSS email"]
[Date "2018.09.27"]
[Round "?"]
[White "Krabbenbos, Jan"]
[Black "Pehl, Ferenc"]
[Result "1-0"]
[WhiteElo "1953"]
[BlackElo "909"]
[PlyCount "27"]
[EventDate "2018.10.01"]
[EventType "tourn (corr)"]
[EventRounds "6"]
[EventCountry "GER"]
[SourceTitle "Corr 2022"]
[Source "ChessBase"]
[SourceDate "2021.10.24"]
[SourceVersion "1"]
[SourceVersionDate "2021.10.24"]
[SourceQuality "1"]

1. e4 e5 2. Nf3 Nc6 3. d4 exd4 4. Nxd4 Nxd4 5. Qxd4 d6 6. Nc3 Be6 7. Bf4 Qf6 8. e5 Qe7 9. exd6 cxd6 10. 0-0-0 Qf6 11. Qa4+ Bd7 12. Bb5 Qd8 13. Rhe1+ Be7 14. Bxd6 1-0

[Event "SB-2018-0-00527"]
[Site "LSS email"]
[Date "2018.03.17"]
[Round "?"]
[White "Stancl, Vladimir"]
[Black "Krabbenbos, Jan"]
[Result "0-1"]
[WhiteElo "1951"]
[BlackElo "1937"]
[PlyCount "52"]
[EventDate "2018.01.30"]
[EventType "tourn (corr)"]
[EventRounds "6"]
[EventCountry "GER"]
[SourceTitle "Corr 2022"]
[Source "ChessBase"]
[SourceDate "2021.10.24"]
[SourceVersion "1"]
[SourceVersionDate "2021.10.24"]
[SourceQuality "1"]

1. d4 g6 2. e4 Bg7 3. Nc3 d6 4. Nf3 Nf6 5. Be2 0-0 6. 0-0 c5 7. d5 e6 8. Bf4 exd5 9. Re1 dxe4 10. Bxd6 exf3 11. Bxf8 Qxf8 12. Bxf3 Nc6 13. Nb5 Be6 14. Nc7 Rd8 15. Nxe6 fxe6 16. Qb1 Qd6 17. c3 Ne5 18. Qd1 Nd5 19. Be4 b5 20. g3 c4 21. a3 Qb6 22. Qe2 Rf8 23. Bg2 a5 24. Rf1 b4 25. cxb4 axb4 26. axb4 Nd3 0-1

[Event "SB-2018-0-00527"]
[Site "LSS email"]
[Date "2018.03.16"]
[Round "?"]
[White "Krabbenbos, Jan"]
[Black "Plutarco, Fosca"]
[Result "1/2-1/2"]
[WhiteElo "1937"]
[BlackElo "1922"]
[PlyCount "53"]
[EventDate "2018.01.30"]
[EventType "tourn (corr)"]
[EventRounds "6"]
[EventCountry "GER"]
[SourceTitle "Corr 2022"]
[Source "ChessBase"]
[SourceDate "2021.10.24"]
[SourceVersion "1"]
[SourceVersionDate "2021.10.24"]
[SourceQuality "1"]

1. e4 e5 2. Nf3 Nf6 3. Nxe5 Qe7 4. d4 Nc6 5. Nxc6 Qxe4+ 6. Be2 Qxc6 7. 0-0 d5 8. Nc3 a6 9. a4 Bd7 10. Re1 0-0-0 11. Bb5 Qd6 12. Bxd7+ Qxd7 13. Bg5 Bb4 14. Bxf6 gxf6 15. Qf3 Bxc3 16. bxc3 Qc6 17. a5 Kb8 18. Reb1 Ka8 19. Rb4 Rhe8 20. c4 Re4 21. c5 Qe6 22. Rf1 c6 23. h3 f5 24. Qh5 Qg6 25. Qxg6 fxg6 26. Rfb1 Rd7 27. f3 1/2-1/2

[Event "SB-2017-0-00518"]
[Site "LSS email"]
[Date "2017.12.08"]
[Round "?"]
[White "Krabbenbos, Jan"]
[Black "Aydin, Dersu"]
[Result "1-0"]
[WhiteElo "1929"]
[BlackElo "1814"]
[PlyCount "21"]
[EventDate "2017.10.20"]
[EventType "tourn (corr)"]
[EventRounds "6"]
[EventCountry "GER"]
[SourceTitle "Corr 2022"]
[Source "ChessBase"]
[SourceDate "2021.10.24"]
[SourceVersion "1"]
[SourceVersionDate "2021.10.24"]
[SourceQuality "1"]

1. e4 d5 2. exd5 Qxd5 3. Nc3 Qd8 4. d4 Nf6 5. Nf3 Bg4 6. h3 Bh5 7. g4 Bg6 8. Ne5 e6 9. Bg2 c6 10. h4 Bb4 11. 0-0 1-0

[Event "SB-2017-0-00518"]
[Site "LSS email"]
[Date "2017.12.08"]
[Round "?"]
[White "Krabbenbos, Jan"]
[Black "Pilgram, Kurt"]
[Result "1/2-1/2"]
[WhiteElo "1929"]
[BlackElo "2025"]
[PlyCount "64"]
[EventDate "2017.10.20"]
[EventType "tourn (corr)"]
[EventRounds "6"]
[EventCountry "GER"]
[SourceTitle "Corr 2022"]
[Source "ChessBase"]
[SourceDate "2021.10.24"]
[SourceVersion "1"]
[SourceVersionDate "2021.10.24"]
[SourceQuality "1"]

1. e4 e5 2. Nf3 Qe7 3. Nc3 Nf6 4. Bc4 c6 5. 0-0 b5 6. Bb3 h6 7. d4 d6 8. a3 Qc7 9. Re1 Be7 10. Nh4 0-0 11. Ng6 Re8 12. Re3 Bd8 13. dxe5 dxe5 14. Rg3 Kh7 15. Nh4 Na6 16. Qf3 Nc5 17. Ba2 Qe7 18. Be3 Bb6 19. Nf5 Bxf5 20. Qxf5+ g6 21. Qh3 Nh5 22. Rf3 Nf4 23. Bxf4 exf4 24. Rxf4 Rf8 25. Rd1 a5 26. Qf3 b4 27. Ne2 Nd7 28. Rxf7+ Rxf7 29. Qxf7+ Qxf7 30. Bxf7 Ne5 31. Bb3 a4 32. Be6 Re8 1/2-1/2

[Event "SB-2017-0-00518"]
[Site "LSS email"]
[Date "2017.12.03"]
[Round "?"]
[White "Milde, Lars"]
[Black "Krabbenbos, Jan"]
[Result "1-0"]
[WhiteElo "2041"]
[BlackElo "1929"]
[PlyCount "127"]
[EventDate "2017.10.20"]
[EventType "tourn (corr)"]
[EventRounds "6"]
[EventCountry "GER"]
[SourceTitle "Corr 2022"]
[Source "ChessBase"]
[SourceDate "2021.10.24"]
[SourceVersion "1"]
[SourceVersionDate "2021.10.24"]
[SourceQuality "1"]

1. e4 c6 2. d4 d5 3. e5 Bf5 4. Nf3 e6 5. Be2 Ne7 6. 0-0 Nd7 7. Nbd2 c5 8. c4 a6 9. dxc5 Nxc5 10. Nb3 Nd7 11. Be3 dxc4 12. Bxc4 Bg4 13. Rc1 Rc8 14. Nbd4 Nb6 15. Bb3 Ned5 16. h3 Rxc1 17. Qxc1 Bxf3 18. Nxf3 Be7 19. Rd1 Qb8 20. Bxb6 Nxb6 21. Qe3 Nd7 22. Bc2 h5 23. h4 Qc7 24. Rc1 Qb8 25. Bb1 g6 26. Qd4 Qd8 27. Qa7 0-0 28. Qxb7 Nc5 29. Qa7 Qd7 30. Qxd7 Nxd7 31. g3 a5 32. Bd3 Rd8 33. Kf1 Nb6 34. Ke2 Rb8 35. Rc2 Nd7 36. b3 Bd8 37. Rd2 Nc5 38. Nd4 Bb6 39. f4 Kg7 40. Nb5 Bd8 41. Bc4 Ne4 42. Rd3 Nc5 43. Rd1 Be7 44. Ke3 Kf8 45. Nd4 Rc8 46. Be2 Bd8 47. Nb5 Bb6 48. Rd6 Nd7+ 49. Nd4 Ke7 50. Kd2 Bc5 51. Ba6 Rc7 52. Nb5 Bb4+ 53. Kd1 Rc5 54. a3 Bc3 55. Nxc3 Rxc3 56. Rd3 Rc5 57. Kd2 Rc7 58. Rc3 Ra7 59. Bd3 Nb6 60. Rc5 Nd7 61. Rb5 Kd8 62. a4 Kc7 63. Kc3 Kc8 64. b4 1-0

[Event "WC-2017-S-00009"]
[Site "LSS email"]
[Date "2017.05.17"]
[Round "?"]
[White "Krabbenbos, Jan"]
[Black "Knoeppel, Bjoern"]
[Result "1/2-1/2"]
[WhiteElo "1906"]
[BlackElo "1962"]
[PlyCount "91"]
[EventDate "2017.06.01"]
[EventType "tourn (corr)"]
[EventRounds "12"]
[EventCountry "GER"]
[SourceTitle "Corr 2024"]
[Source "ChessBase"]
[SourceDate "2023.10.19"]
[SourceVersion "1"]
[SourceVersionDate "2023.10.19"]
[SourceQuality "1"]

1. e4 e6 2. d4 d5 3. Nd2 Nf6 4. e5 Nfd7 5. c3 c5 6. Bd3 Nc6 7. Ne2 cxd4 8. cxd4 f6 9. exf6 Nxf6 10. Nf3 Bd6 11. 0-0 Qc7 12. Nc3 a6 13. Re1 0-0 14. h3 Bd7 15. Bd2 Rae8 16. Rc1 Qb8 17. Bg5 Re7 18. Bb1 Be8 19. Qd2 Bh5 20. Nh4 h6 21. Be3 g5 22. Ng6 Bxg6 23. Bxg6 Bh2+ 24. Kh1 Bf4 25. Bc2 Bxe3 26. Qxe3 Qf4 27. Qxf4 gxf4 28. Ne2 Nh5 29. Bg6 Ng7 30. f3 Nf5 31. Bxf5 Rxf5 32. Kg1 Nb4 33. Rc8+ Kg7 34. Rec1 Nc6 35. Rc3 Rf6 36. Kf2 Kg6 37. a4 Rg7 38. Rb3 Na5 39. Rb4 Nc4 40. Rb8 Rff7 41. b3 Nb2 42. Rb6 Nd3+ 43. Kf1 Kf5 44. Rh8 Rh7 45. Re8 Re7 46. Rf8+ 1/2-1/2

[Event "WC-2017-S-00009"]
[Site "LSS email"]
[Date "2017.05.17"]
[Round "?"]
[White "Krabbenbos, Jan"]
[Black "Kudryavtsev, Yaroslav"]
[Result "1-0"]
[WhiteElo "1906"]
[BlackElo "2023"]
[PlyCount "55"]
[EventDate "2017.06.01"]
[EventType "tourn (corr)"]
[EventRounds "12"]
[EventCountry "GER"]
[SourceTitle "Corr 2024"]
[Source "ChessBase"]
[SourceDate "2023.10.19"]
[SourceVersion "1"]
[SourceVersionDate "2023.10.19"]
[SourceQuality "1"]

1. e4 c5 2. Nf3 d6 3. d4 cxd4 4. Nxd4 Nf6 5. Nc3 a6 6. Be2 e5 7. Nb3 Be7 8. Be3 0-0 9. g4 Be6 10. g5 Nfd7 11. h4 Nb6 12. f4 exf4 13. Bxf4 d5 14. Qd3 dxe4 15. Qxd8 Bxd8 16. 0-0-0 f5 17. Nc5 Bc8 18. a4 a5 19. Bd6 Re8 20. Nb5 Na6 21. b3 Kf7 22. Kb2 Kg8 23. Rhf1 g6 24. Nxa6 bxa6 25. Nc7 Bxc7 26. Bxc7 Re6 27. Rd8+ Kf7 28. Rfd1 1-0

[Event "WC-2017-S-00009"]
[Site "LSS email"]
[Date "2017.05.17"]
[Round "?"]
[White "Krabbenbos, Jan"]
[Black "Milde, Lars"]
[Result "1/2-1/2"]
[WhiteElo "1906"]
[BlackElo "2017"]
[PlyCount "129"]
[EventDate "2017.06.01"]
[EventType "tourn (corr)"]
[EventRounds "12"]
[EventCountry "GER"]
[SourceTitle "Corr 2024"]
[Source "ChessBase"]
[SourceDate "2023.10.19"]
[SourceVersion "1"]
[SourceVersionDate "2023.10.19"]
[SourceQuality "1"]

1. e4 g6 2. d4 Bg7 3. Nc3 c6 4. Nf3 d6 5. Bg5 Qb6 6. Qd2 Qxb2 7. Rb1 Qa3 8. Bc4 Nd7 9. 0-0 Qa5 10. Rfe1 Qc7 11. e5 d5 12. Bf4 Qd8 13. Bd3 e6 14. Nd1 h6 15. Ne3 b5 16. h3 a5 17. c3 Ba6 18. Ng4 a4 19. Bg3 h5 20. Bh4 Qc7 21. Ne3 Nb6 22. Qc2 Qd7 23. Qc1 Bh6 24. Qd1 Rc8 25. Bg5 Kf8 26. h4 Ne7 27. Bxh6+ Rxh6 28. Ng5 Kg7 29. g3 Rch8 30. Nc2 Rf8 31. Nb4 Bb7 32. Qf3 Rhh8 33. Qf6+ Kg8 34. Nc2 Bc8 35. Qf3 Nc4 36. Re2 Qc7 37. Bxc4 dxc4 38. Ne4 Nd5 39. Nb4 Kg7 40. Nxd5 exd5 41. Qf6+ Kg8 42. Ng5 Bf5 43. Rbe1 Qd7 44. Re3 Be6 45. Rf3 Re8 46. Ree3 Qe7 47. Kg2 Qxf6 48. exf6 a3 49. Kf1 Kf8 50. Ke1 Bg4 51. Rxe8+ Kxe8 52. Re3+ Be6 53. Nxe6 fxe6 54. Rxe6+ Kd7 55. Re7+ Kd6 56. Rg7 Rb8 57. f7 Ke7 58. Rg8 Rf8 59. Rxg6 Rxf7 60. Ke2 Kd7 61. f3 Re7+ 62. Kd2 Rf7 63. Ke2 Re7+ 64. Kd2 Rf7 65. Ke2 1/2-1/2

[Event "WC-2017-S-00009"]
[Site "LSS email"]
[Date "2017.05.17"]
[Round "?"]
[White "Loktaev, Val"]
[Black "Krabbenbos, Jan"]
[Result "1/2-1/2"]
[WhiteElo "1899"]
[BlackElo "1906"]
[PlyCount "47"]
[EventDate "2017.06.01"]
[EventType "tourn (corr)"]
[EventRounds "12"]
[EventCountry "GER"]
[SourceTitle "Corr 2024"]
[Source "ChessBase"]
[SourceDate "2023.10.19"]
[SourceVersion "1"]
[SourceVersionDate "2023.10.19"]
[SourceQuality "1"]

1. d4 Nf6 2. c4 e6 3. Nf3 d5 4. Nc3 Be7 5. Bf4 0-0 6. e3 Nbd7 7. cxd5 Nxd5 8. Nxd5 exd5 9. Be2 Nf6 10. Qc2 Bb4+ 11. Kf1 Bd6 12. h3 Re8 13. Bxd6 Qxd6 14. Rc1 c6 15. Bd3 Ne4 16. g3 Bf5 17. Kg2 g6 18. Nh4 Bd7 19. Nf3 Kg7 20. Bxe4 Rxe4 21. Ne5 f6 22. Nxd7 Qxd7 23. b4 h5 24. h4 1/2-1/2

[Event "WC-2017-S-00009"]
[Site "LSS email"]
[Date "2017.05.17"]
[Round "?"]
[White "Schubert, Steffen"]
[Black "Krabbenbos, Jan"]
[Result "1/2-1/2"]
[WhiteElo "1923"]
[BlackElo "1906"]
[PlyCount "49"]
[EventDate "2017.06.01"]
[EventType "tourn (corr)"]
[EventRounds "12"]
[EventCountry "GER"]
[SourceTitle "Corr 2024"]
[Source "ChessBase"]
[SourceDate "2023.10.19"]
[SourceVersion "1"]
[SourceVersionDate "2023.10.19"]
[SourceQuality "1"]

1. e4 c6 2. d4 d5 3. e5 Bf5 4. Nf3 e6 5. Be2 c5 6. Be3 Nd7 7. 0-0 Ne7 8. c4 dxc4 9. Na3 c3 10. Nb5 Nd5 11. Nxc3 Nxe3 12. fxe3 Be7 13. Bd3 Bxd3 14. Qxd3 cxd4 15. exd4 0-0 16. Rac1 Rc8 17. Qe4 Qb6 18. Rc2 Rc4 19. Kh1 Qa6 20. Qd3 Nb6 21. g3 Rfc8 22. Nd2 R4c7 23. Qf3 Rf8 24. Kg2 Nd5 25. Nde4 1/2-1/2

[Event "SB-2017-0-00487"]
[Site "LSS email"]
[Date "2017.02.23"]
[Round "?"]
[White "Krabbenbos, Jan"]
[Black "Stancl, Vladimir"]
[Result "1/2-1/2"]
[WhiteElo "1915"]
[BlackElo "1918"]
[PlyCount "65"]
[EventDate "2017.01.09"]
[EventType "tourn (corr)"]
[EventRounds "6"]
[EventCountry "GER"]
[SourceTitle "Corr 2022"]
[Source "ChessBase"]
[SourceDate "2021.10.24"]
[SourceVersion "1"]
[SourceVersionDate "2021.10.24"]
[SourceQuality "1"]

1. e4 Nc6 2. d4 d5 3. e5 Bf5 4. Nf3 e6 5. Be2 Nb4 6. Na3 Nc6 7. 0-0 Bxa3 8. bxa3 h6 9. Qd2 Nge7 10. Rb1 b6 11. a4 a6 12. Ba3 Qd7 13. Qc3 0-0 14. Nd2 Rfb8 15. Rbc1 Na5 16. Nb3 Nec6 17. Rfd1 Nb7 18. Qf3 Ncd8 19. c4 Qxa4 20. Nd2 Bg6 21. Qb3 Qxb3 22. Nxb3 c6 23. cxd5 cxd5 24. Rc7 Rc8 25. Rdc1 Rxc7 26. Rxc7 Bb1 27. Nd2 Bg6 28. Be7 Na5 29. Bxd8 Rxd8 30. Bxa6 Ra8 31. Bb5 Nc4 32. Nxc4 dxc4 33. Bxc4 1/2-1/2

[Event "SB-2017-0-00487"]
[Site "LSS email"]
[Date "2017.02.22"]
[Round "?"]
[White "Krabbenbos, Jan"]
[Black "Schubert, Steffen"]
[Result "1/2-1/2"]
[WhiteElo "1915"]
[BlackElo "1972"]
[PlyCount "50"]
[EventDate "2017.01.09"]
[EventType "tourn (corr)"]
[EventRounds "6"]
[EventCountry "GER"]
[SourceTitle "Corr 2022"]
[Source "ChessBase"]
[SourceDate "2021.10.24"]
[SourceVersion "1"]
[SourceVersionDate "2021.10.24"]
[SourceQuality "1"]

1. e4 e5 2. Nf3 Nf6 3. Nxe5 d6 4. Nf3 Nxe4 5. d4 d5 6. Bd3 Be7 7. 0-0 Nc6 8. Re1 0-0 9. Nbd2 Nxd2 10. Bxd2 Nb4 11. Bf1 Bg4 12. c3 Nc6 13. h3 Bh5 14. Bd3 h6 15. Bf4 Bd6 16. Bxd6 Qxd6 17. Qe2 g5 18. Bc2 Rae8 19. Qd3 Bg6 20. Qd2 Be4 21. Nh2 Kg7 22. Nf1 f5 23. Ng3 Re7 24. Ba4 f4 25. Nxe4 dxe4 1/2-1/2

[Event "SB-2016-0-00480"]
[Site "LSS email"]
[Date "2016.12.27"]
[Round "?"]
[White "Krabbenbos, Jan"]
[Black "Gazen, Louis"]
[Result "1/2-1/2"]
[WhiteElo "1912"]
[BlackElo "1934"]
[PlyCount "44"]
[EventDate "2016.11.28"]
[EventType "tourn (corr)"]
[EventRounds "6"]
[EventCountry "GER"]
[SourceTitle "Corr 2022"]
[Source "ChessBase"]
[SourceDate "2021.10.24"]
[SourceVersion "1"]
[SourceVersionDate "2021.10.24"]
[SourceQuality "1"]

1. e4 e5 2. Nf3 Nc6 3. Bb5 a6 4. Ba4 Nf6 5. 0-0 Be7 6. Re1 b5 7. Bb3 0-0 8. c3 Bb7 9. d4 d6 10. Nbd2 Re8 11. Nf1 exd4 12. cxd4 d5 13. e5 Ne4 14. Ng3 Na5 15. Bc2 c5 16. Bf4 cxd4 17. Nxd4 Qb6 18. Ngf5 Bc5 19. Qg4 Qg6 20. Qh4 Nc4 21. Rac1 Kh8 22. h3 Qb6 1/2-1/2

[Event "SB-2016-0-00480"]
[Site "LSS email"]
[Date "2016.12.21"]
[Round "?"]
[White "Krabbenbos, Jan"]
[Black "Herzog, Matthias"]
[Result "1/2-1/2"]
[WhiteElo "1912"]
[BlackElo "1777"]
[PlyCount "34"]
[EventDate "2016.11.28"]
[EventType "tourn (corr)"]
[EventRounds "6"]
[EventCountry "GER"]
[SourceTitle "Corr 2022"]
[Source "ChessBase"]
[SourceDate "2021.10.24"]
[SourceVersion "1"]
[SourceVersionDate "2021.10.24"]
[SourceQuality "1"]

1. e4 e5 2. Nf3 Nc6 3. Bb5 Nf6 4. 0-0 Nxe4 5. d4 Nd6 6. Bxc6 dxc6 7. dxe5 Nf5 8. Qxd8+ Kxd8 9. Rd1+ Ke8 10. Nc3 Ne7 11. Bf4 Ng6 12. Bg3 Be7 13. h3 h5 14. Ne4 h4 15. Bh2 Nf8 16. Nd4 Ne6 17. f3 Nxd4 1/2-1/2

[Event "SB-2016-0-00461"]
[Site "LSS email"]
[Date "2016.08.27"]
[Round "?"]
[White "Krabbenbos, Jan"]
[Black "Reppert, Victor"]
[Result "1/2-1/2"]
[WhiteElo "1925"]
[BlackElo "1913"]
[PlyCount "50"]
[EventDate "2016.08.03"]
[EventType "tourn (corr)"]
[EventRounds "6"]
[EventCountry "GER"]
[SourceTitle "Corr 2022"]
[Source "ChessBase"]
[SourceDate "2021.10.24"]
[SourceVersion "1"]
[SourceVersionDate "2021.10.24"]
[SourceQuality "1"]

1. e4 c5 2. Nf3 Nc6 3. d4 cxd4 4. Nxd4 g6 5. c4 Bg7 6. Be3 Qb6 7. Nb3 Qd8 8. Nc3 d6 9. f3 f5 10. exf5 Bxf5 11. Be2 Nf6 12. 0-0 0-0 13. Qd2 Rc8 14. Rad1 Nd7 15. Nd5 Nb6 16. Nxb6 axb6 17. Nd4 Nxd4 18. Bxd4 Qc7 19. Bxg7 Kxg7 20. b3 Qc5+ 21. Kh1 Rf6 22. Bd3 Bxd3 23. Qxd3 b5 24. cxb5 Qf5 25. Qxf5 Rxf5 1/2-1/2